| 000 | 00797nam a22002177a 4500 | ||
|---|---|---|---|
| 999 |
_c19046 _d19046 |
||
| 003 | AR-CdUCM | ||
| 008 | 190227b ||||| |||| 00| 0 spa d | ||
| 020 | _a9786124548024 | ||
| 040 |
_aMUNICIPALIDAD PROVINCIAL DEL CUSCO _cBIBLIOTECA MUNICIPAL DEL CUSCO |
||
| 082 |
_a985.01 / _bG24 |
||
| 100 |
_aGarcilazo de la Vega, Inca. _9298 |
||
| 245 | _aComentarios reales de los incas / | ||
| 260 |
_aLima : _bBanco de crédito del Perú, _c1985. |
||
| 300 |
_a515 páginas ; _c25 cm. _bIlustraciones. |
||
| 505 | _aContenido: Dedicatoria -- Proemio al lector -- Advertencias -- Libro primero -- Libro segundo -- Libro tercero... | ||
| 650 |
_aInca Garcilaso _96516 |
||
| 650 |
_aHistoria Tawantinsuyu _940112 |
||
| 650 |
_aCusco Inka _940113 |
||
| 942 |
_2ddc _cLIBROS |
||
| 945 |
_adavv _d2019-05-16 |
||